000 00375nam a2200157Ia 4500
003 Ost
005 20260225132543.0
008 260225s9999||||xx |||||||||||||| ||und||
040 _cfsic
041 _afre
082 _a440
100 _aJ.B Lesourd
_eAuteur
245 0 _aEnergie et substitutions entre facteurs de production /
245 0 _cJ.B Lesourd
942 _cكتاب
999 _c33665
_d33665